| 000 | 00705nam a2200253Ia 4500 | ||
|---|---|---|---|
| 003 | OSt | ||
| 005 | 20220928115742.0 | ||
| 006 | a|||||r|||| 00| 0 | ||
| 007 | ta | ||
| 008 | 220927b |||||||| |||| 00| 0 eng d | ||
| 024 | _a67506 | ||
| 037 | _cTextual | ||
| 040 |
_aSDCL _cSDCL _beng |
||
| 041 |
_2eng _aeng |
||
| 082 | _aS821, P5 | ||
| 100 |
_aKerber K L _9445930 |
||
| 245 | 0 | _aMarriage, procreation and divorce | |
| 260 |
_aNew Delhi _bGlobal Vision Publishing House _c2005 |
||
| 300 |
_axi,362p _ccm. |
||
| 490 | _aPsychology of sex and sex education. 5 | ||
| 650 |
_aFamily-Social Psychology _9411973 |
||
| 942 |
_hS821, P5 _cTEXL _2CC |
||
| 999 |
_c760793 _d760793 |
||